|
|
|
|
| LEADER |
00000naa0a2200000 4500 |
| 001 |
595008 |
| 005 |
20250221120813.0 |
| 035 |
|
|
|a (RuTPU)RU\TPU\tpu\12607
|
| 035 |
|
|
|a RU\TPU\tpu\12606
|
| 090 |
|
|
|a 595008
|
| 100 |
|
|
|a 20050719d1988 k y0rusy50 ca
|
| 101 |
0 |
|
|a rus
|
| 102 |
|
|
|a RU
|
| 200 |
1 |
|
|a НИРС и самостоятельная работа студентов в УНПК "Порошковая металлургия"
|f В. Е. Панин, Б. Б. Овечкин, Г. И. Белоусова
|
| 461 |
|
|
|t Оценка и управление качеством подготовки специалистов как фактор интенсификации учебного процесса
|o тезисы докладов по вопросам оценки и управления качеством подготовки специалистов
|
| 463 |
|
|
|t Вып. 2
|v С. 70
|d 1988
|
| 610 |
1 |
|
|a студенты
|
| 610 |
1 |
|
|a специалисты
|
| 610 |
1 |
|
|a качество подготоки
|
| 610 |
1 |
|
|a самостоятельная работа
|
| 610 |
1 |
|
|a учебные процессы
|
| 610 |
1 |
|
|a организация
|
| 610 |
1 |
|
|a порошковая металлургия
|
| 610 |
1 |
|
|a труды учёных ТПУ
|
| 700 |
|
1 |
|a Панин
|b В. Е.
|c специалист в области физики и механики деформируемого твердого тела, физического материаловедения
|c доктор физико-математических наук, профессор Томского политехнического университета
|c зав. кафедрой материаловедения в машиностроении
|c директор Российского материаловедческого центра
|c научный руководитель института физики прочности и материаловедения СО РАН
|f 1930-
|g Виктор Евгеньевич
|3 (RuTPU)RU\TPU\pers\12102
|
| 701 |
|
1 |
|a Овечкин
|b Б. Б.
|
| 701 |
|
1 |
|a Белоусова
|b Г. И.
|
| 801 |
|
1 |
|a RU
|b 63413507
|c 20050719
|g PSBO
|
| 801 |
|
2 |
|a RU
|b 63413507
|c 20180301
|g PSBO
|
| 942 |
|
|
|c BK
|